[Event "Fujairah Global Superstar"]
[Site "Fujairah City UAE"]
[Date "2025.08.27"]
[Round "3.19"]
[White "Socko, Bartosz"]
[Black "Hakobyan, Aram"]
[Result "1/2-1/2"]
[WhiteTitle "GM"]
[BlackTitle "GM"]
[WhiteElo "2574"]
[BlackElo "2625"]
[WhiteFideId "1107038"]
[BlackFideId "13306677"]
[EventDate "2025.08.25"]

1. e4 c5 2. Nf3 Nc6 3. Bb5 e6 4. O-O Nge7 5. Re1 a6 6. Bf1 d5 7. exd5 Nxd5 8. d4
Nf6 9. Be3 Be7 10. c4 O-O 11. Nc3 b6 12. dxc5 bxc5 13. Qxd8 Rxd8 14. Rad1 Bb7
15. Na4 Nd7 16. Rd2 e5 17. Rdd1 Bf8 18. Bd3 Nd4 19. Ng5 g6 20. Be4 Bxe4 21. Nxe4
f5 22. Nec3 Kf7 23. Nd5 Rab8 24. b3 h6 25. f3 Rbc8 26. Kf1 Bg7 27. Bf2 Nc2 28.
Re2 Nd4 29. Red2 g5 30. Nb2 h5 31. Nd3 a5 32. Re1 Re8 33. Nb2 Rc6 34. Na4 Nf8
35. h4 gxh4 36. Bxh4 Bh6 37. Rb2 Ng6 38. Bf2 h4 39. Be3 Bxe3 40. Rxe3 Rh8 41. f4
exf4 42. Rh3 Re8 43. Rd2 Ne6 44. Rhd3 Ng5 45. Ndc3 f3 46. gxf3 Nf4 47. Rd7+ Kg6
48. Nd5 Nxd5 49. cxd5 Rf6 50. Nxc5 h3 51. Rh2 Re3 52. Ne6 Nxe6 53. dxe6 Rxf3+
54. Ke2 Rc3 55. Kd2 Rg3 56. Rd3 Rxd3+ 57. Kxd3 Rxe6 58. Rxh3 f4 59. Rh2 Kf5 60.
Rh5+ Kg4 61. Rxa5 f3 62. Ra8 Rf6 63. Rg8+ Kh3 64. Rg1 f2 65. Rb1 Re6 66. Kd2 Kg2
67. a4 Rh6 68. Kc3 Rc6+ 69. Kb4 Rb6+ 70. Kc4 Re6 71. a5 Re4+ 72. Kb5 Re5+ 73.
Ka4 Re1 74. Rb2 Kf3 75. Rxf2+ Kxf2 76. Kb5 Ke3 77. a6 Kd4 78. a7 Ra1 79. Kb6 Kc3
80. Kb7 Rxa7+ 81. Kxa7 Kxb3 1/2-1/2

[Event "Fujairah Global Superstar"]
[Site "Fujairah City UAE"]
[Date "2025.08.27"]
[Round "3.20"]
[White "Ivanchuk, Vasyl"]
[Black "Kantor, Gergely"]
[Result "0-1"]
[WhiteTitle "GM"]
[BlackTitle "GM"]
[WhiteElo "2623"]
[BlackElo "2569"]
[WhiteFideId "14100010"]
[BlackFideId "751499"]
[EventDate "2025.08.25"]

1. c4 e6 2. Nc3 d5 3. d4 c6 4. Nf3 Nf6 5. e3 Nbd7 6. Qc2 Bd6 7. b3 O-O 8. Be2 b6
9. O-O Bb7 10. Bb2 Rc8 11. Rad1 c5 12. dxc5 bxc5 13. Rd2 Bb8 14. Rfd1 Nb6 15.
Ng5 Qc7 16. g3 h6 17. Nh3 dxc4 18. bxc4 Qc6 19. f3 Ng4 20. Nb5 Nxe3 21. Qc3 Nf5
22. Nd6 Bxd6 23. Rxd6 Nd4 24. R1xd4 cxd4 25. Qxd4 Qc5 26. Qxc5 Rxc5 27. Bd4 Rc6
28. Rxc6 Bxc6 29. Kf2 Rc8 30. Nf4 Bb7 31. c5 Nd7 0-1

[Event "Fujairah Global Superstar"]
[Site "Fujairah City UAE"]
[Date "2025.08.27"]
[Round "3.21"]
[White "Kuzubov, Yuriy"]
[Black "Bharath, Subramaniyam H"]
[Result "0-1"]
[WhiteTitle "GM"]
[BlackTitle "GM"]
[WhiteElo "2600"]
[BlackElo "2562"]
[WhiteFideId "14112906"]
[BlackFideId "46634827"]
[EventDate "2025.08.25"]

1. d4 Nf6 2. c4 e6 3. Nc3 d5 4. cxd5 exd5 5. Bg5 Be6 6. e3 Nbd7 7. Bd3 c6 8. h3
Be7 9. Nge2 Nh5 10. Bxe7 Qxe7 11. Rb1 a5 12. a3 O-O 13. O-O Rfc8 14. g4 Nhf6 15.
Nf4 b5 16. Re1 b4 17. axb4 axb4 18. Na4 Ne4 19. Rc1 f5 20. f3 Nd6 21. Kg2 Bf7
22. b3 g6 23. Qd2 Rab8 24. Rc2 Nf8 25. gxf5 gxf5 26. Qf2 Kh8 27. Kh2 Ng6 28.
Nxg6+ Bxg6 29. Rg1 Rc7 30. Nc5 Re8 31. Qg3 Qf6 32. Qf4 Rce7 33. Re2 Nf7 34. Bc2
Qd6 35. Qxd6 Nxd6 36. Rge1 Nb5 37. Bd3 Nc3 38. Rf2 Rxe3 39. Ra1 f4 40. Bxg6 hxg6
41. Ra7 Ne2 42. Rf7 Kg8 43. Rf6 Kg7 44. Rxc6 Nxd4 45. Rc7+ Kh6 46. Rb7 Rc3 47.
Nd7 Nxf3+ 48. Kg2 Nh4+ 49. Kh2 Ree3 50. Nf8 Rxh3+ 51. Kg1 Rc1+ 52. Rf1 Rg3+ 0-1

[Event "Fujairah Global Superstar"]
[Site "Fujairah City UAE"]
[Date "2025.08.27"]
[Round "4.1"]
[White "Martinez Alcantara, Jose Eduardo"]
[Black "Jacobson, Brandon"]
[Result "1/2-1/2"]
[WhiteTitle "GM"]
[BlackTitle "GM"]
[WhiteElo "2636"]
[BlackElo "2594"]
[WhiteFideId "3805662"]
[BlackFideId "30901561"]
[EventDate "2025.08.25"]

1. e4 c5 2. Nf3 Nc6 3. d4 cxd4 4. Nxd4 g6 5. c4 Bg7 6. Be3 Qb6 7. Nb3 Qd8 8. Qd2
Nf6 9. f3 d6 10. Nc3 O-O 11. Be2 Be6 12. Nd4 Nxd4 13. Bxd4 Qa5 14. Rd1 Rfc8 15.
b3 a6 16. O-O b5 17. Bxf6 Bxf6 18. Nd5 Qxd2 19. Nxf6+ exf6 20. Rxd2 bxc4 21.
Bxc4 Bxc4 22. bxc4 Rxc4 23. Rxd6 Rc2 24. Rf2 Rc1+ 25. Rf1 Rc2 26. Rf2 Rc1+ 27.
Rf1 Rc2 1/2-1/2

[Event "Fujairah Global Superstar"]
[Site "Fujairah City UAE"]
[Date "2025.08.27"]
[Round "4.2"]
[White "Pranav, V"]
[Black "Sjugirov, Sanan"]
[Result "1/2-1/2"]
[WhiteTitle "GM"]
[BlackTitle "GM"]
[WhiteElo "2597"]
[BlackElo "2636"]
[WhiteFideId "25060783"]
[BlackFideId "4189302"]
[EventDate "2025.08.25"]

1. e4 c5 2. Nf3 e6 3. d4 cxd4 4. Nxd4 a6 5. c4 Nf6 6. Bd3 Nc6 7. Nxc6 dxc6 8.
Nc3 e5 9. f4 Bg4 10. Qc2 exf4 11. h3 Be6 12. Bxf4 Nh5 13. Be3 Qh4+ 14. Qf2 Qxf2+
15. Kxf2 Bd6 16. Rhd1 O-O-O 17. Na4 Be5 18. Rac1 Nf4 19. Bf1 Rxd1 20. Rxd1 Rd8
21. Rxd8+ Kxd8 22. Nc5 Bc8 23. b3 Ke7 24. Nd3 Nxd3+ 25. Bxd3 Kd6 26. b4 Bb2 27.
Bc5+ Ke5 28. Bf8 g6 29. Ke3 Bc1+ 30. Ke2 Ba3 31. Ke3 f6 32. Bc5 Bc1+ 33. Ke2 b5
34. cxb5 cxb5 35. Bb6 Ba3 36. Bc7+ Ke6 37. Ba5 Kd6 38. Bd8 Bb2 39. Bc2 Bc3 40.
a4 Bd7 41. axb5 Bxb5+ 42. Ke3 Bf1 43. Kf2 Bc4 44. Ke3 Bxb4 45. Bxf6 a5 46. h4
Ke6 47. Bd4 Bb5 48. Bb3+ Ke7 49. g4 a4 50. Bg8 h5 51. gxh5 gxh5 52. Kf4 a3 53.
Kg5 Be8 54. Bc4 Kf8 55. e5 Be7+ 56. Kh6 Bxh4 57. e6 Ke7 58. Bc5+ Kf6 59. Bxa3
Bg5+ 60. Kh7 h4 61. Bd6 h3 62. e7 h2 63. Bxh2 Kxe7 1/2-1/2

[Event "Fujairah Global Superstar"]
[Site "Fujairah City UAE"]
[Date "2025.08.27"]
[Round "4.3"]
[White "Hong, Andrew"]
[Black "Suleymanli, Aydin"]
[Result "1/2-1/2"]
[WhiteTitle "GM"]
[BlackTitle "GM"]
[WhiteElo "2580"]
[BlackElo "2609"]
[WhiteFideId "2099438"]
[BlackFideId "13413937"]
[EventDate "2025.08.25"]

1. e4 e5 2. Nf3 Nc6 3. Bb5 a6 4. Ba4 Bc5 5. c3 Nge7 6. O-O Ba7 7. d4 Ng6 8. Bxc6
dxc6 9. Nxe5 Nxe5 10. dxe5 Qe7 11. Qf3 Qxe5 12. Bf4 Qe7 13. Qg3 O-O 14. Nd2 Bb6
15. Nc4 Qxe4 16. Nxb6 cxb6 17. Rfe1 Qg6 18. Re7 b5 19. a3 a5 20. Rae1 Be6 21.
Rxb7 Qxg3 22. hxg3 a4 23. f3 h6 24. g4 Rfe8 25. Kf2 Bc4 26. Rxe8+ Rxe8 27. Rb8
Rxb8 28. Bxb8 f6 29. Bd6 Kf7 30. Ke3 Ke6 31. Bf8 Kf7 32. Bd6 Ke6 33. Bf8 Kf7 34.
Bd6 Ke6 35. Ke4 1/2-1/2

[Event "Fujairah Global Superstar"]
[Site "Fujairah City UAE"]
[Date "2025.08.27"]
[Round "4.4"]
[White "Tabatabaei, M. Amin"]
[Black "Pranesh, M"]
[Result "1-0"]
[WhiteTitle "GM"]
[BlackTitle "GM"]
[WhiteElo "2673"]
[BlackElo "2589"]
[WhiteFideId "12521213"]
[BlackFideId "35028600"]
[EventDate "2025.08.25"]

1. e4 e5 2. Nf3 Nc6 3. Bc4 Nf6 4. d3 h6 5. Nc3 Bc5 6. O-O O-O 7. h3 a6 8. a4 d6
9. Be3 Be6 10. Bxe6 fxe6 11. Bxc5 dxc5 12. Nb1 Ne8 13. Nbd2 Nd6 14. c3 b6 15.
Qe2 a5 16. g3 Qe8 17. Kg2 Rd8 18. Rad1 Rd7 19. Ne1 Qg6 20. Nc2 Rfd8 21. Ne3 Nf7
22. Nf3 Qh5 23. Qc2 Ng5 24. Nxg5 Qxg5 25. Qe2 Qg6 26. Nc4 Rf8 27. h4 Kh7 28. Ne3
Kh8 29. Rd2 Kh7 30. h5 Qg5 31. Qg4 Qe7 32. Nc4 Rf6 33. f4 Qf7 34. f5 exf5 35.
exf5 Kg8 36. Qf3 Qf8 37. g4 Qd8 38. Re1 Rd5 39. Re3 Qd7 40. Rf2 Qd8 41. Kf1 Qd7
42. Qe4 Qf7 43. Kg1 Qd7 44. Rg3 Kf8 45. Kf1 Ke8 46. Ke2 Kd8 47. g5 hxg5 48. Rxg5
Qf7 49. Rfg2 Ne7 50. Ne3 Rdd6 51. Rxg7 Qxh5+ 52. Kd2 Nc6 53. Nc4 Kc8 54. Nxd6+
Rxd6 55. R7g6 Ne7 56. Rxd6 cxd6 57. Rf2 Qh6+ 58. Kc2 Qf6 59. Qa8+ Kc7 60. Qa7+
Kc6 61. Kb1 Qh4 62. Rf1 Qf6 63. Qa8+ Kc7 64. Qa7+ Kc6 65. Qa8+ Kc7 66. Rh1 Qf7
67. Qa7+ Kc6 68. Qa8+ Kc7 69. Qa6 Qg7 70. Rf1 Qf6 71. Qc4 Kd7 72. Qb5+ Kc7 73.
Qc4 Kd7 74. Qg4 Kc7 75. Qg2 Kb8 76. Qe4 Kc7 77. Ka1 Kb8 78. d4 cxd4 79. cxd4
exd4 80. Qe6 Qxe6 81. fxe6 Kc7 82. Rf7 Kd8 83. Kb1 d5 84. Rh7 Nc6 85. Rd7+ Ke8
86. Rd6 Nb4 87. Rxb6 Ke7 88. Rxb4 1-0

[Event "Fujairah Global Superstar"]
[Site "Fujairah City UAE"]
[Date "2025.08.27"]
[Round "4.5"]
[White "Dudin, Gleb"]
[Black "Salem, A.R. Saleh"]
[Result "1-0"]
[WhiteTitle "GM"]
[BlackTitle "GM"]
[WhiteElo "2583"]
[BlackElo "2640"]
[WhiteFideId "34184934"]
[BlackFideId "9301348"]
[EventDate "2025.08.25"]

1. d4 Nf6 2. c4 e6 3. Nc3 Bb4 4. e3 O-O 5. Bd3 d5 6. a3 dxc4 7. Bxc4 Be7 8. Qe2
c5 9. dxc5 Nbd7 10. Nf3 Nxc5 11. O-O a6 12. b4 b5 13. Ba2 Ncd7 14. Bb2 Bb7 15.
Rfd1 Qb8 16. Rd4 Rc8 17. Rad1 Nb6 18. h3 Bc6 19. Ng5 Qb7 20. e4 h6 21. Nxf7 Kxf7
22. e5 Nfd5 23. Qg4 Rd8 24. Bb1 Bg5 25. Ne4 Qe7 26. h4 Bxh4 27. Nd6+ Kf8 28.
R1d3 Qg5 29. Rf3+ Nf6 30. Qxe6 Rd7 31. Rg4 Re7 32. Qf5 Qxf5 33. Rxf5 Bg5 34. Kh2
Nd7 35. exf6 Nxf6 36. Be4 Rd8 37. Bxc6 Rxd6 38. Bf3 Rd2 39. Bc1 Rxf2 40. Bxg5
hxg5 41. Rgxg5 Ra2 42. Bd5 Ree2 43. Bxa2 Rxa2 44. Rf3 Kf7 45. Rc5 Kg6 46. Rg3+
Kh6 47. Rc6 Kh5 48. Rxg7 Ng4+ 49. Kg3 Ne3 50. Kf4 Nxg2+ 51. Ke4 Nh4 52. Rxa6
Re2+ 53. Kd3 Re5 54. Rc7 1-0

[Event "Fujairah Global Superstar"]
[Site "Fujairah City UAE"]
[Date "2025.08.27"]
[Round "4.6"]
[White "Mishra, Abhimanyu"]
[Black "Aditya, Mittal"]
[Result "1/2-1/2"]
[WhiteTitle "GM"]
[BlackTitle "GM"]
[WhiteElo "2610"]
[BlackElo "2560"]
[WhiteFideId "30920019"]
[BlackFideId "35042025"]
[EventDate "2025.08.25"]

1. d4 d5 2. c4 e6 3. Nc3 Nf6 4. cxd5 exd5 5. Bg5 Bb4 6. e3 h6 7. Bh4 g5 8. Bg3
h5 9. Be5 Nbd7 10. Bxf6 Qxf6 11. Qb3 Qe7 12. a3 Bxc3+ 13. Qxc3 Nf8 14. Nf3 Ng6
15. Bb5+ Kf8 16. Bd3 Nf4 17. O-O-O Nxd3+ 18. Qxd3 Bg4 19. h3 Bxf3 20. gxf3 Qf6
21. Rhg1 Rh6 22. e4 Qf4+ 23. Kb1 Re8 24. e5 c5 25. Qb5 cxd4 26. Qc5+ Kg7 27.
Rxd4 Qf5+ 28. Ka1 Rc6 29. Qb4 Rg6 30. Rxd5 Qxf3 31. Qd4 Qf4 1/2-1/2

[Event "Fujairah Global Superstar"]
[Site "Fujairah City UAE"]
[Date "2025.08.27"]
[Round "4.7"]
[White "Zhu, Jiner"]
[Black "Motylev, Alexander"]
[Result "1-0"]
[WhiteTitle "GM"]
[BlackTitle "GM"]
[WhiteElo "2536"]
[BlackElo "2595"]
[WhiteFideId "8608059"]
[BlackFideId "4121830"]
[EventDate "2025.08.25"]

1. e4 e5 2. Nf3 Nc6 3. Bc4 Nf6 4. d3 Bc5 5. c3 d6 6. O-O a5 7. Re1 O-O 8. h3 Be6
9. Bb5 Ne7 10. d4 Bb6 11. Nbd2 c6 12. Bd3 Ng6 13. Bc2 Bc7 14. Nf1 b5 15. Ng3 a4
16. Bg5 h6 17. Be3 Re8 18. Qd2 Qe7 19. b3 axb3 20. axb3 c5 21. b4 Rxa1 22. Rxa1
cxd4 23. cxd4 d5 24. Ra7 dxe4 25. dxe5 Nd7 26. Nd4 Ndxe5 27. Nxb5 Nc4 28. Rxc7
Nxd2 29. Rxe7 Nxe7 30. Bxd2 Rd8 31. Nxe4 Bf5 32. Be1 Nc6 33. Bc3 Nxb4 34. Nf6+
gxf6 35. Bxf5 Nd5 36. Be1 Nf4 37. Nc3 Kg7 38. Kf1 Ra8 39. g3 Ne6 40. Kg2 Rd8 41.
Ne4 Rd5 42. Bxe6 fxe6 43. Bc3 e5 44. g4 h5 45. gxh5 Kf7 46. Ng3 Rd8 47. h4 Ke6
48. h6 Kf7 49. h5 Rd3 50. Bb2 Rd8 51. Bc1 Ke6 52. Kh3 Rb8 53. Be3 Ra8 54. Nf1
Ra1 55. Nh2 Rb1 56. Kg2 Kf5 57. Kh3 Ke6 58. Nf3 Kf7 59. Nh4 Rh1+ 60. Kg3 Kg8 61.
Kg4 Rg1+ 62. Kf5 Rh1 63. Ng6 Kf7 64. Kg4 Rg1+ 65. Kf3 Kg8 66. Ne7+ Kh8 67. Ke4 1-0

[Event "Fujairah Global Superstar"]
[Site "Fujairah City UAE"]
[Date "2025.08.27"]
[Round "4.8"]
[White "Nihal, Sarin"]
[Black "Muradli, Mahammad"]
[Result "1/2-1/2"]
[WhiteTitle "GM"]
[BlackTitle "GM"]
[WhiteElo "2692"]
[BlackElo "2586"]
[WhiteFideId "25092340"]
[BlackFideId "13409301"]
[EventDate "2025.08.25"]

1. Nf3 c5 2. e3 Nf6 3. c4 g6 4. d4 cxd4 5. exd4 d5 6. Nc3 Bg7 7. cxd5 Nxd5 8.
Bc4 Nxc3 9. bxc3 O-O 10. O-O Nc6 11. Re1 Bg4 12. h3 Bxf3 13. Qxf3 Nxd4 14. cxd4
Qxd4 15. Ba3 Qxc4 16. Rac1 Qa6 17. Rxe7 Qf6 18. Qe2 Qa6 19. Qf3 Qf6 20. Qxf6
Bxf6 21. Rxb7 Rfb8 22. Rcc7 Rxb7 23. Rxb7 Bd4 24. Bb2 Bxb2 25. Rxb2 Rc8 26. Rb7
Rc1+ 27. Kh2 Rc2 28. Rxa7 Rxf2 29. a4 Ra2 30. a5 Kg7 1/2-1/2

[Event "Fujairah Global Superstar"]
[Site "Fujairah City UAE"]
[Date "2025.08.27"]
[Round "4.9"]
[White "Mendonca, Leon Luke"]
[Black "Sadhwani, Raunak"]
[Result "0-1"]
[WhiteTitle "GM"]
[BlackTitle "GM"]
[WhiteElo "2606"]
[BlackElo "2676"]
[WhiteFideId "35028561"]
[BlackFideId "35093487"]
[EventDate "2025.08.25"]

1. d4 Nf6 2. c4 e6 3. g3 d5 4. Bg2 Bb4+ 5. Nd2 O-O 6. Nf3 b6 7. O-O Bb7 8. b3
Nbd7 9. Bb2 Re8 10. Rc1 Bf8 11. Qc2 c5 12. Rfd1 Rc8 13. Qb1 a5 14. cxd5 exd5 15.
e3 Rc7 16. Ne5 Nxe5 17. dxe5 Nd7 18. f4 b5 19. Nf3 h6 20. g4 c4 21. Nd4 b4 22.
bxc4 dxc4 23. Bxb7 Rxb7 24. Rxc4 Qh4 25. Rc2 Qxg4+ 26. Rg2 Qh5 27. Nf5 Nc5 28.
Nd6 Rd7 29. Rd5 Red8 30. Qc2 Rxd6 31. Rxd6 Bxd6 32. exd6 Rxd6 33. Rxg7+ Kf8 34.
Bd4 Ne6 35. Rg3 Nxd4 36. Qc8+ Ke7 37. exd4 Qd1+ 38. Kg2 Qe2+ 39. Kg1 Qe1+ 40.
Kg2 Qe4+ 41. Kh3 Qe6+ 42. Qxe6+ Rxe6 43. Kg4 Rg6+ 44. Kf3 Rxg3+ 45. hxg3 a4 0-1

[Event "Fujairah Global Superstar"]
[Site "Fujairah City UAE"]
[Date "2025.08.27"]
[Round "4.10"]
[White "Pranav, Anand"]
[Black "Shankland, Sam"]
[Result "0-1"]
[WhiteTitle "GM"]
[BlackTitle "GM"]
[WhiteElo "2590"]
[BlackElo "2670"]
[WhiteFideId "46626786"]
[BlackFideId "2004887"]
[EventDate "2025.08.25"]

1. e4 c5 2. Nf3 d6 3. d4 cxd4 4. Nxd4 Nf6 5. Nc3 a6 6. Bg5 e6 7. f4 Qb6 8. Nb3
Nbd7 9. Qe2 Qc7 10. O-O-O b5 11. a3 Rb8 12. Qe1 Be7 13. Kb1 h6 14. Bh4 Nb6 15.
Bd3 e5 16. f5 Bb7 17. g4 Nfd7 18. Bxe7 Kxe7 19. h4 Na4 20. Ne2 Nf6 21. Ng3 Nxg4
22. Nh5 Nf6 23. Nxf6 gxf6 24. Rg1 Rhg8 25. Qd2 Nc5 26. Nxc5 Qxc5 27. Rxg8 Rxg8
28. Qxh6 Rg4 29. h5 Bxe4 30. Bxe4 Rxe4 31. Rh1 Rf4 32. Qh8 Qc6 33. Rc1 b4 34.
axb4 Rxb4 35. h6 Rb5 36. c4 Rb4 37. h7 Qe4+ 38. Ka2 Qg2 39. Rb1 Qc2 40. Qxf6+
Kxf6 41. h8=Q+ Ke7 42. f6+ Kd7 43. Qh3+ Kc7 0-1

[Event "Fujairah Global Superstar"]
[Site "Fujairah City UAE"]
[Date "2025.08.27"]
[Round "4.11"]
[White "Theodorou, Nikolas"]
[Black "Kantor, Gergely"]
[Result "1-0"]
[WhiteTitle "GM"]
[BlackTitle "GM"]
[WhiteElo "2646"]
[BlackElo "2569"]
[WhiteFideId "4262875"]
[BlackFideId "751499"]
[EventDate "2025.08.25"]

1. d4 Nf6 2. Nf3 d5 3. Bf4 c5 4. e3 e6 5. Nbd2 Qb6 6. Rb1 Bd6 7. dxc5 Qxc5 8.
Bg5 Nbd7 9. Bd3 h6 10. Bh4 e5 11. e4 dxe4 12. Nxe4 Nxe4 13. Bxe4 Nb6 14. b4 Qc3+
15. Kf1 Qc7 16. Kg1 Na4 17. Qd3 Nc3 18. Re1 O-O 19. Bg3 Bd7 20. Bh7+ Kh8 21.
Rxe5 Bb5 22. Rxb5 Nxb5 23. Qxb5 Bxg3 24. hxg3 Kxh7 25. Ng5+ Kg8 26. Qd3 Rfe8 27.
Qh7+ Kf8 28. Nf3 Qc3 29. Rh4 Rad8 30. Rf4 Re6 31. Kh2 b6 32. Nh4 Rd5 33. Qh8+
Ke7 34. Qg8 Rf6 35. Qxg7 Rg5 36. Re4+ Kd7 37. Qh8 Qc7 38. Qxf6 1-0

[Event "Fujairah Global Superstar"]
[Site "Fujairah City UAE"]
[Date "2025.08.27"]
[Round "4.12"]
[White "Narayanan, S.L."]
[Black "Volokitin, Andrei"]
[Result "1/2-1/2"]
[WhiteTitle "GM"]
[BlackTitle "GM"]
[WhiteElo "2595"]
[BlackElo "2628"]
[WhiteFideId "5058422"]
[BlackFideId "14107090"]
[EventDate "2025.08.25"]

1. d4 Nf6 2. c4 e6 3. Nf3 d5 4. g3 Bb4+ 5. Bd2 Be7 6. Bg2 O-O 7. O-O c6 8. b3
Nbd7 9. Nc3 b6 10. Bf4 Ba6 11. Qd3 Rc8 12. Rfd1 c5 13. Nb5 Bxb5 14. cxb5 cxd4
15. Rac1 Nc5 16. Qc2 Nce4 17. Qxc8 Qxc8 18. Rxc8 Rxc8 19. Nxd4 Ba3 20. Bf3 g5
21. Be3 Nc3 22. Rd2 g4 23. Bg2 Bc1 24. Rc2 Bxe3 25. fxe3 Rc5 26. a4 Kf8 27. Rd2
Ke8 28. Nc6 a6 29. bxa6 Rxc6 30. a7 Rc8 31. Rc2 Nxe2+ 32. Kf2 Ra8 33. Kxe2 Rxa7
34. Rc6 Rb7 35. Rc1 Ke7 36. Kd2 Kd6 37. Rc8 Rc7 38. Rh8 Ke5 39. Rf8 Ra7 40. Bf1
Ne4+ 41. Kd1 Nc5 42. Kc2 Ke4 43. b4 Nxa4 44. Kb3 b5 45. Rb8 d4 46. exd4 Kxd4 47.
Rd8+ Ke5 48. Rb8 Kd4 49. Rd8+ Ke5 50. Rb8 Kd4 1/2-1/2

[Event "Fujairah Global Superstar"]
[Site "Fujairah City UAE"]
[Date "2025.08.27"]
[Round "4.13"]
[White "Cheparinov, Ivan"]
[Black "Movahed, Sina"]
[Result "1-0"]
[WhiteTitle "GM"]
[BlackTitle "GM"]
[WhiteElo "2625"]
[BlackElo "2558"]
[WhiteFideId "2905540"]
[BlackFideId "42520835"]
[EventDate "2025.08.25"]

1. d4 Nf6 2. Nf3 d5 3. Bf4 c5 4. e3 Nc6 5. Nbd2 e6 6. c3 Be7 7. Ne5 Qb6 8. Rb1
Nxe5 9. dxe5 Ne4 10. Bd3 Nxd2 11. Qxd2 Bd7 12. Qe2 O-O-O 13. h4 a6 14. O-O f5
15. exf6 gxf6 16. e4 dxe4 17. Bxe4 e5 18. Bg3 h5 19. Qc2 Kb8 20. Bf5 Bc6 21.
Rfd1 Qa5 22. b3 c4 23. Rxd8+ Rxd8 24. bxc4 Bc5 25. Kh2 Ka7 26. Be4 Qc7 27. Bxc6
Qxc6 28. Rd1 Rg8 29. Qh7 Rg4 30. Qxh5 Rxc4 31. Qf5 Rxc3 32. h5 Bd4 33. Bh4 Qa4
34. Rd3 Rxd3 35. Qxd3 e4 36. Qd2 e3 37. fxe3 Be5+ 38. Kh3 Qe4 39. Qf2 Qb1 40.
Bg3 Qh1+ 41. Kg4 Qd1+ 42. Qf3 Qa4+ 43. e4 Ba1 44. Bf2+ Ka8 45. Qd3 Qe8 46. Qd5
Be5 47. Bg3 Bb2 48. Qf5 Qg8+ 49. Kh3 Bc1 50. Qxf6 1-0

[Event "Fujairah Global Superstar"]
[Site "Fujairah City UAE"]
[Date "2025.08.27"]
[Round "4.14"]
[White "Zemlyanskii, Ivan"]
[Black "Daneshvar, Bardiya"]
[Result "1/2-1/2"]
[WhiteTitle "GM"]
[BlackTitle "GM"]
[WhiteElo "2586"]
[BlackElo "2625"]
[WhiteFideId "24249971"]
[BlackFideId "12576468"]
[EventDate "2025.08.25"]

1. e4 e5 2. Nf3 Nc6 3. Nc3 Nf6 4. Nd5 Be7 5. Bd3 d6 6. c3 O-O 7. Bc2 Re8 8. O-O
Nxd5 9. exd5 Nb8 10. d4 Nd7 11. Re1 Bf6 12. Qd3 g6 13. Bh6 Nb6 14. dxe5 dxe5 15.
c4 e4 16. Rxe4 Rxe4 17. Qxe4 Bxb2 18. Rb1 Bg7 19. Bxg7 Kxg7 20. Qe5+ Qf6 21.
Qxc7 Bg4 22. Nd2 Qc3 23. Ne4 Qxc2 24. Qe5+ Kh6 25. Qf4+ Kg7 26. Qe5+ Kh6 27.
Qf4+ Kg7 28. Qe5+ 1/2-1/2

[Event "Fujairah Global Superstar"]
[Site "Fujairah City UAE"]
[Date "2025.08.27"]
[Round "4.15"]
[White "Pichot, Alan"]
[Black "Donchenko, Alexander"]
[Result "1/2-1/2"]
[WhiteTitle "GM"]
[BlackTitle "GM"]
[WhiteElo "2581"]
[BlackElo "2616"]
[WhiteFideId "110973"]
[BlackFideId "24603295"]
[EventDate "2025.08.25"]

1. e4 c6 2. d4 d5 3. e5 c5 4. Nf3 cxd4 5. Nxd4 Nc6 6. Nxc6 bxc6 7. Bd3 e6 8. Nd2
a5 9. Qe2 Ne7 10. Nf3 Qb6 11. Be3 c5 12. c4 Ba6 13. O-O dxc4 14. Bxc4 Nd5 15.
Nd2 Nxe3 16. fxe3 Be7 17. Bxa6 Qxa6 18. Qxa6 Rxa6 19. Nc4 a4 20. Rad1 Ra7 21.
Rd3 O-O 22. Kf2 Rb8 23. Ke2 Rb4 24. Rc1 h5 25. e4 Kh7 26. Rc2 g5 27. Kd1 Kg6 28.
a3 Rb8 29. Rcd2 g4 30. Kc2 Rab7 31. Rd1 h4 32. Rf1 Rd8 33. Rfd1 Rdb8 34. h3 Kg5
35. Rf1 Rf8 36. g3 Rb3 37. gxh4+ Kxh4 38. Rd7 gxh3 39. Rxe7 h2 40. Nd2 Rh3 41.
Rh1 Kg3 42. Nf1+ Kg2 43. Rxh2+ Rxh2 44. Nxh2 Kxh2 45. Kd3 1/2-1/2

[Event "Fujairah Global Superstar"]
[Site "Fujairah City UAE"]
[Date "2025.08.27"]
[Round "4.16"]
[White "Bharath, Subramaniyam H"]
[Black "Puranik, Abhimanyu"]
[Result "1/2-1/2"]
[WhiteTitle "GM"]
[BlackTitle "GM"]
[WhiteElo "2562"]
[BlackElo "2635"]
[WhiteFideId "46634827"]
[BlackFideId "5061245"]
[EventDate "2025.08.25"]

1. e4 e5 2. Nf3 Nc6 3. Nc3 Nf6 4. g3 d5 5. exd5 Nxd5 6. Bg2 Nxc3 7. bxc3 Bc5 8.
O-O O-O 9. Re1 Re8 10. d4 exd4 11. Rxe8+ Qxe8 12. cxd4 Bb6 13. Qd3 Ne7 14. Ba3
Bf5 15. Qb3 Nc6 16. Re1 Qd7 17. d5 Na5 18. Qc3 Qxd5 19. Re5 Qd7 20. Rxa5 Qd1+
21. Ne1 Bxa5 22. Qxa5 Re8 23. Bb4 Bxc2 24. Bxb7 h6 25. Bc3 Be4 26. Bxe4 Rxe4 27.
Qxa7 Rxe1+ 28. Bxe1 Qxe1+ 29. Kg2 Qe4+ 30. Kg1 Qe1+ 1/2-1/2

[Event "Fujairah Global Superstar"]
[Site "Fujairah City UAE"]
[Date "2025.08.27"]
[Round "4.17"]
[White "Dardha, Daniel"]
[Black "Lu, Shanglei"]
[Result "1/2-1/2"]
[WhiteTitle "GM"]
[BlackTitle "GM"]
[WhiteElo "2616"]
[BlackElo "2647"]
[WhiteFideId "240990"]
[BlackFideId "8603332"]
[EventDate "2025.08.25"]

1. c4 Nf6 2. g3 e6 3. Bg2 d5 4. d4 dxc4 5. Qa4+ Bd7 6. Qxc4 c5 7. dxc5 Bc6 8.
Nf3 Nbd7 9. Be3 Bd5 10. Qa4 Bc6 11. Qc4 Bd5 12. Qa4 Bc6 13. Qc4 Bd5 1/2-1/2

[Event "Fujairah Global Superstar"]
[Site "Fujairah City UAE"]
[Date "2025.08.27"]
[Round "4.18"]
[White "Hakobyan, Aram"]
[Black "Iturrizaga Bonelli, Eduardo"]
[Result "1/2-1/2"]
[WhiteTitle "GM"]
[BlackTitle "GM"]
[WhiteElo "2625"]
[BlackElo "2576"]
[WhiteFideId "13306677"]
[BlackFideId "3901211"]
[EventDate "2025.08.25"]

1. e4 c5 2. Nf3 a6 3. Nc3 b5 4. Be2 Bb7 5. O-O e6 6. d4 cxd4 7. Qxd4 Nc6 8. Qe3
Rc8 9. Rd1 Nb4 10. Qd2 Nf6 11. a3 Nxe4 12. Nxe4 Nxc2 13. Qf4 Bxe4 14. Qxe4 Nxa1
15. Bg5 Be7 16. Bxe7 Qxe7 17. Rxa1 O-O 18. Bd3 g6 19. Re1 Rc5 20. g3 Rfc8 21.
Kg2 Qd6 22. h4 Rd5 23. Be2 Kg7 24. Rh1 h6 25. Ra1 f5 26. Qe3 e5 27. a4 e4 28.
Ng1 b4 29. a5 Rcc5 30. Nh3 Rxa5 31. Rxa5 Rxa5 32. Nf4 Re5 33. Qa7 a5 34. Bc4 e3
35. f3 Qd2+ 36. Ne2 Re8 37. h5 Rc8 38. Bb5 gxh5 39. Kh3 Qd1 40. Kg2 Qd2 41. Kh3
Qd1 42. Kg2 Qd2 1/2-1/2